Pequeno guia de divulgacão florestal (Record no. 44692)
[ view plain ]
| 000 -Etiqueta do registo | |
|---|---|
| Valores | 00617cam a22001811 04500 |
| 100 ## - Dados gerais de processamento | |
| Dados gerais | 19840701d1984 km y0pory5003 ba |
| 101 0# - Língua de publicação | |
| Língua | por |
| 102 ## - País de publicação | |
| País | PT |
| 200 1# - Titulo e menção de responsabilidade | |
| Título próprio | Pequeno guia de divulgacão florestal |
| Primeira menção de responsabilidade | Centro de Documentacão e Informacão da Direccão Geral das Florestas |
| 210 #9 - Publicação | |
| Local de publicação | Lisboa |
| Nome do editor | Direccão Geral das Florestas |
| -- | Dia Mundial da Floresta, |
| Data de publicação | 1984 |
| 215 ## - Descrição física | |
| Paginação / Volumes | 16, [1] p. |
| Dimensões | 22 cm |
| 675 ## - CDU | |
| Notação | 631.1(03) |
| 675 ## - CDU | |
| Notação | 634 |
| Edição | med |
| Língua | por |
| 710 01 - Autor entidade principal | |
| Nome da entidade | Portugal. |
| Subdivisão | Direc—cão Geral das Florestas. |
| -- | Centro de Documenta—cão e Informa—cão |
| 801 #0 - Fonte de origem | |
| País | PT |
| Agência | BN |
| Regras de catalogação | RPC |
| 990 ## - Elementos KOHA | |
| Tipo de documento | Livro |
| Aquisição | Empréstimo | Código de barras | Cota | Permissão de empréstimo | Tipo de documento |
|---|---|---|---|---|---|
| Biblioteca Municipal de Redondo | Biblioteca Municipal de Redondo | A054558 | 631.1(03) DIR | Livro |